00444nam a2200181Ia 4500003000400000005001700004008004100021020002200062040000700084041000800091082002100099100003200120245003800152260003500190300001400225365001400239650000900253OSt20230502154346.0210423s2020 xx 000 0 und d a978-1-071-60452-6 cAL aeng a641.3 223bUNDH aUNDERRINER (E M);HUME (I R) aHandbook of industrial seasonings aNew YorkbChapman & Hallc2020 ax,156bHB b1495cINR aFood